Mapping India's Urbanization/ (Record no. 204808)

MARC details
000 -LEADER
fixed length control field 00519nam a22001937a 4500
005 - DATE AND TIME OF LATEST TRANSACTION
control field 20240805121708.0
010 ## - LCCN (DPL NO)
LC control number ENG-141212
020 ## - INTERNATIONAL STANDARD BOOK NUMBER
International Standard Book Number 9789390951383
Terms of availability 550.00
035 ## - SYSTEM CONTROL NUMBER
System control number EN-124744
037 ## - SOURCE OF ACQUISITION
Source of stock number/acquisition DBAD
082 ## - DEWEY DECIMAL CLASSIFICATION NUMBER
Classification number 307.76
Edition number 2023
100 ## - MAIN ENTRY--PERSONAL NAME
Personal name J.P.Singh
245 ## - TITLE STATEMENT
Title Mapping India's Urbanization/
Statement of responsibility, etc by J.P.Singh
260 ## - PUBLICATION, DISTRIBUTION, ETC. (IMPRINT)
Place of publication, distribution, etc Noida
Name of publisher, distributor, etc Sunil Sachdev
Date of publication, distribution, etc 2023
270 ## - ADDRESS
Address D-5,Sector-2
City Noida
Postal code 201301
300 ## - PHYSICAL DESCRIPTION
Extent 252P;
Dimensions 22cm(Pb)
700 ## - ADDED ENTRY--PERSONAL NAME
9 (RLIN) 69414
942 ## - ADDED ENTRY ELEMENTS (KOHA)
Source of classification or shelving scheme Dewey Decimal Classification
Item type English Books
Classification part 307.76
Call number suffix JPS
Holdings
Withdrawn status Lost status Not for loan Collection code Home library Current library Date acquired Source of acquisition Cost, normal purchase price Full call number Barcode Copy number Cost, replacement price Koha item type
      Non-fiction Patel Nagar Patel Nagar 05/08/2024 DBAD 550.00 307.76 JPS EN-124744 1 550.00 English Books

© Delhi Public Library
Hit Counter
free hit counter